| 000 | 00369nam a2200133 4500 | ||
|---|---|---|---|
| 008 | 240223b |||||||| |||| 00| 0 eng d | ||
| 022 | _a13910027 | ||
| 245 | _aNivedini-Vol. 10, (May/June 2003) | ||
| 246 | _aA journal on gender studies | ||
| 260 |
_aColombo: _bWomen education and research centre, _c2003 |
||
| 300 | _b164 P. | ||
| 650 | _aGENDER STUDIES | ||
| 942 | _cCR | ||
| 999 |
_c4799 _d4799 |
||